Учимся быть профессионалами"; Новая библиотека; № 11

Opis bibliograficzny
Parent link:Новая библиотека: ежемесячный профессиональный журнал.— , 2005-
№ 11.— 2005.— С. 40-41
1. autor: Моляренко Е.
Język:rosyjski
Wydane: 2005
Seria:Конкурс
Hasła przedmiotowe:
Format: Rozdział
KOHA link:https://koha.lib.tpu.ru/cgi-bin/koha/opac-detail.pl?biblionumber=399347

MARC

LEADER 00000naa2a2200000 4500
001 399347
005 20231101065216.0
035 |a (RuTPU)RU\TPU\prd\40571 
035 |a RU\TPU\prd\40570 
090 |a 399347 
100 |a 20051223a2005 k y0rusy50 ca 
101 0 |a rus 
102 |a RU 
200 1 |a Учимся быть профессионалами"  |f Е. Моляренко 
225 1 |a Конкурс 
461 0 |0 (RuTPU)RU\TPU\prd\34766  |t Новая библиотека  |o ежемесячный профессиональный журнал  |d 2005- 
463 0 |0 (RuTPU)RU\TPU\prd\40483  |t № 11  |v С. 40-41  |d 2005 
610 1 |a Иркутск 
610 1 |a вузовские библиотеки 
610 1 |a Иркутский государственный университет 
610 1 |a конкурсы 
700 1 |a Моляренко  |b Е. 
801 1 |a RU  |b 63413507  |c 20051223  |g PSBO 
801 2 |a RU  |b 63413507  |c 20051223  |g PSBO 
942 |c BK